UITU Library & LRC     

RF Link Based PC Controlled Scrolling Display (Record no. 32864)

MARC details
000 -LEADER
fixed length control field 00477nam a2200133Ia 4500
008 - FIXED-LENGTH DATA ELEMENTS--GENERAL INFORMATION
fixed length control field 260210s9999 xx 000 0 und d
024 ## - OTHER STANDARD IDENTIFIER
Standard number or code 99A-14-EE, 99A-13-EE, 99A-01-EE & 99A-03-EE
082 ## - DEWEY DECIMAL CLASSIFICATION NUMBER
Classification number 621.38215072 ANA
100 ## - MAIN ENTRY--PERSONAL NAME
Personal name Anas Bin Taj, M. Mumtaz-ul-Haq, Zeeshan Tariq & Aamir Mohyuddin
245 #0 - TITLE STATEMENT
Title RF Link Based PC Controlled Scrolling Display
260 ## - PUBLICATION, DISTRIBUTION, ETC.
Place of publication, distribution, etc. Karachi:
Name of publisher, distributor, etc. UITU,
Date of publication, distribution, etc. 1999
600 ## - SUBJECT ADDED ENTRY--PERSONAL NAME
Personal name Electronic Engineering
650 ## - SUBJECT ADDED ENTRY--TOPICAL TERM
Topical term or geographic name entry element Bachelor of Engineering (BE)

No items available.

Powered by Koha